Účtovníctvo podnikateľských subjektov II otázky, príklady, úlohy a testy

Salvato in:
Dettagli Bibliografici
Autore principale: Blahušiaková, Miriama, 1980-
Ente Autore: Fakulta hospodárskej informatiky EU. Katedra účtovníctva a audítorstva
Altri autori: Šlosárová, Anna, Sklenka, Miloš
Natura: Libro
Lingua:slovacco
Pubblicazione: Bratislava Letra Edu 2019
Edizione:1. vydanie
Soggetti:
Tags: Aggiungi Tag
Nessun Tag, puoi essere il primo ad aggiungerne!!

MARC

LEADER 00000nam a2200000 4500
001 0258602
005 20240502074108.0
020 |a 978-80-89962-34-1 
020 |a 978-80-89962-35-8 
041 0 |a slo 
044 |a SK 
245 1 0 |a Účtovníctvo podnikateľských subjektov II  |b otázky, príklady, úlohy a testy  |c Miriama Blahušiaková ; recenzovali: Anna Šlosárová, Miloš Sklenka 
250 |a 1. vydanie 
264 1 |a Bratislava  |b Letra Edu  |c 2019 
300 |a 77 s. [3,92 AH] 
610 2 0 |a účtovníctvo 
610 2 0 |a náklady 
610 2 0 |a výnosy 
610 2 0 |a rezervy 
610 2 0 |a položky opravné 
610 2 0 |a mena 
610 2 0 |a zúčtovanie 
610 2 0 |a dane 
610 2 0 |a dotácie 
610 2 0 |a oceňovanie 
610 2 0 |a hodnota reálna 
610 2 0 |a dane z príjmov 
610 2 0 |a inventarizácia 
610 2 0 |a súvaha 
100 1 |a Blahušiaková, Miriama, 1980- 
700 1 |a Šlosárová, Anna 
700 1 |a Sklenka, Miloš 
710 2 |a Fakulta hospodárskej informatiky EU. Katedra účtovníctva a audítorstva